IAS Mains public Administration: (Record no. 181478)

MARC details
000 -LEADER
fixed length control field 00556nam a22001817a 4500
005 - DATE AND TIME OF LATEST TRANSACTION
control field 20210915150751.0
010 ## - LCCN (DPL NO)
LC control number ENG-129924
020 ## - INTERNATIONAL STANDARD BOOK NUMBER
International Standard Book Number 978-93-86720-24-5
Terms of availability 499.00
035 ## - SYSTEM CONTROL NUMBER
System control number EN-113456
037 ## - SOURCE OF ACQUISITION
Source of stock number/acquisition DBAD/PUB
082 ## - DEWEY DECIMAL CLASSIFICATION NUMBER
Classification number 350
245 ## - TITLE STATEMENT
Title IAS Mains public Administration:
Statement of responsibility, etc edited by Vicky Yadav
260 ## - PUBLICATION, DISTRIBUTION, ETC. (IMPRINT)
Name of publisher, distributor, etc Rathore
Place of publication, distribution, etc India
Date of publication, distribution, etc 2019
270 ## - ADDRESS
City Ghaziabad
Postal code 201010
Address Basement,260,Shaktikhand-III Indirapuram
Electronic mail address rathorepublishers@gmail.com
300 ## - PHYSICAL DESCRIPTION
Extent v.p.
Dimensions 25cm(hbk)
700 ## - ADDED ENTRY--PERSONAL NAME
Personal name Yadav,Vicky
942 ## - ADDED ENTRY ELEMENTS (KOHA)
Source of classification or shelving scheme Dewey Decimal Classification
Item type English Books
Classification part 350
Call number suffix IAS
Holdings
Withdrawn status Lost status Not for loan Collection code Home library Current library Date acquired Source of acquisition Cost, normal purchase price Full call number Barcode Copy number Cost, replacement price Koha item type
      Non-fiction Bawana Bawana 15/09/2021 DBAD/PUB 499.00 350 IAS EN-113456 1 499.00 English Books

© Delhi Public Library
Hit Counter
free hit counter